ბათუმის შოთა რუსთაველის სახელმწიფო უნივერსიტეტის ბიბლიოთეკა

გიორგი ახვლედიანი : (ბიბ.ჩანაწერი № 52914)

000 -ლიდერი
ფიქსირებული სიგრძის საკონტროლო ველი 01095nam a2200241Ia 4500
001 - საკონტროლო ნომერი
საკონტროლო ველი 19944
003 - საკონტროლო ნომრის იდენტიფიკატორი
საკონტროლო ველი GE_BSU
005 - ბოლო ოპერაციის თარიღი და დრო
საკონტროლო ველი 20200517234143.0
008 - ფიქსირებული სიგრძის მონაცემთა ელემენტები - ზოგადი ინფორმაცია
ფიქსირებული სიგრძის საკონტროლო ველი 181216s1967||||ge |||||||||||||| ||geo||
040 ## - კატალოგიზაციის წყარო
Transcribing agency GE_BSU
041 ## - ენის კოდი
Language code of text/sound track or separate title geo
080 ## - უნივერსალური ათობითი კლასიფიკაციის ინდექსი
Universal Decimal Classification number 81(479.22)(092) ძ-63
100 ## - მთავარი ჩანაწერი - პიროვნების სახელი
Personal name ძიძიგური, შოთა
9 (RLIN) 8077
245 ## - ცნობა სათაურის შესახებ
Title გიორგი ახვლედიანი :
Remainder of title მონოგრაფია /
Statement of responsibility, etc შოთა ძიძიგური.
264 ## - წარმოების, გამოცემის, დისტრიბუციის და სხვა ცნობები
გამოცემის, წარმოების, დისტრიბუციის... ადგილი თბილისი :
გამოცემის, წარმოების, დისტრიბუციის... სახელწოდება თბილ. უნ-ტის გამ-ბა,
გამოცემის, წარმოების, დისტრიბუციის... თარიღი 1967.
300 ## - ფიზიკური აღწერა
Extent 71 გვ. :
Other physical details 7 ფ. ილ. და პორტრ. ;
Dimensions 21 სმ.
504 ## - BIBLIOGRAPHY, ETC. NOTE
Bibliography, etc ახვლედიანის უმთავრესი შრომების ბიბლიოგრაფია : გვ. 65-70.
653 ## - INDEX TERM--UNCONTROLLED
Uncontrolled term გიორგი ახვლედიანი
653 ## - INDEX TERM--UNCONTROLLED
Uncontrolled term ქართველი ენათმეცნიერები
653 ## - INDEX TERM--UNCONTROLLED
Uncontrolled term ენათმეცნიერება - ბიბლიოგრაფია
942 ## - ADDED ENTRY ELEMENTS (KOHA)
Koha item type წიგნი
Source of classification or shelving scheme
ეგზემპლარები
ჩამოწერის სტატუსი დაკარგული ეგზემპლარის სტატუსი კლასიფიკაციის წყარო ან თაროზე გაწყობის სქემა დაზიანების სტატუსი არ გაიცემა მუდმივი მდებარეობა (დაცვის ადგილი) ამჟამინდელი ადგილსამყოფელი თაროზე განთავსების ადგილი შეძენის თარიღი ღირებულება, შესყიდვის ნორმალური ფასი სრული შენახვის შიფრი შტრიხკოდი ბოლო ოპერაციის თარიღი ეგზემპლარის მიმდევრობითი ნომერი (კეტერი?) ფასის ძალაში შესვლის თარიღი ეგზემპლარის სახეობა საჯარო შენიშვნა
          ბათუმის შოთა რუსთაველის სახელმწიფო უნივერსიტეტის მთავარი ბიბლიოთეკა ბათუმის შოთა რუსთაველის სახელმწიფო უნივერსიტეტის მთავარი ბიბლიოთეკა წიგნსაცავი 2018-12-17 3.00 81(479.22)(092) ძ-63 52475 2018-12-17 52475 2018-12-17 წიგნი 3.00 ლ
          ბათუმის შოთა რუსთაველის სახელმწიფო უნივერსიტეტის მთავარი ბიბლიოთეკა ბათუმის შოთა რუსთაველის სახელმწიფო უნივერსიტეტის მთავარი ბიბლიოთეკა წიგნსაცავი 2018-12-17 0.80 81(479.22)(092) ძ-63 52476 2018-12-17 52476 2018-12-17 წიგნი 0.80 ლ.